| 000 | 01083nam a22003257a 4500 | ||
|---|---|---|---|
| 003 | CHAP | ||
| 005 | 20220329133137.0 | ||
| 008 | 971013s1989 r 00010 d | ||
| 010 | _a2660 | ||
| 011 | _a3632 | ||
| 035 | _a2833 | ||
| 040 | _cCHAP | ||
| 082 |
_a338.1097291 _bG6 |
||
| 100 | 0 | 0 |
_aGonzález Ferrer, Charles. _948893 |
| 245 | _aTeoría y práctica de economía agropecuaria | ||
| 260 |
_aLa Habana : _bUniversidad de la Habana, _c1989 |
||
| 300 | _a2 v. | ||
| 500 | _aD46-201 | ||
| 590 |
_aBATCH-UPD _b10 _c20130110 _lUCH01 _h2205 |
||
| 590 |
_aBATCH-UPD _b10 _c20130410 _lUCH01 _h1510 |
||
| 590 |
_aBATCH-UPD _b10 _c20130914 _lUCH01 _h1701 |
||
| 590 |
_aCONVERSION _b10 _c20130109 _lUCH01 _h1303 |
||
| 650 | 1 | 4 |
_aAgricultura _xAspectos economicos _xCuba. _91236 |
| 650 | 1 | 4 |
_aAgricultura _xInvestigacion _xCuba. _91609 |
| 650 | 1 | 4 |
_aPolítica agrícola _xCuba. _990310 |
| 901 | _aBK | ||
| 942 | _cLIBRO | ||
| 949 |
_a338.1097291 G6 _bBC _cLIBRO _d33724000364535 _eLIBRO _fv.2 _h80050 _i2833 _si |
||
| 949 |
_a338.1097291 G6 _bBC _cLIBRO _d33724000831020 _eLIBRO _fv.1 _h80049 _i2833 _mD _sb |
||
| 999 |
_c2660 _d2660 |
||